[Event "ACL-A063"]
[Site "www.playchess.de"]
[Date "2001.02.10"]
[Round "17"]
[White "dakini"]
[Black "BOB"]
[WhiteElo "1380"]
[BlackElo "1638"]
[PlyCount "35"]
[Result "1-0"]

1.e4 c5 2.Nf3 e6 3.Nc3 Nc6 4.d4 cxd4 5.Nxd4 Nf6 
6.Bd3 Nxd4 7.Be3 Nc6 8.a3 Be7 9.b4 O-O 10.f4 d5 
11.e5 Ne8 12.h4 Bxh4+ 13.Bf2 Bxf2+ 14.Kxf2 Qb6+ 
15.Kf1 g6 16.Be2 Qd4 17.Qxd4 Nxd4 {give up please 
be fairplay}  18.Bd1 {why should I give up? And 
where didn´t I play fair???????} 
 1-0

[Event "ACL-A068"]
[Site "www.playchess.de"]
[Date "2001.02.10"]
[Round "14"]
[White "Goofy"]
[Black "denis3"]
[WhiteElo "1746"]
[BlackElo "1500"]
[PlyCount "44"]
[Result "1-0"]

1.d4 Nc6 2.e4 d5 3.e5 e6 4.f4 f5 5.exf6 e.p 6.Qxf6 
Nf3 7.Nh6 Bb5 8.Bd7 O-O 9.Ng4 Ne5 10.Ncxe5 fxe5 
11.Qh4 Bxd7+ 12.Kxd7 h3 13.Nh6 Rf4 14.Qg3 c4 
15.Nf5 Rg4 16.Ne3 Qa4+ 17.b5 Qxb5+ 18.c6 Qb7+ 
19.Ke8 Qxa8+ 20.Ke7 Rxg3 21.Nc2 Qxa7+ 22.Ke8 
Rb3 1-0

[Event "HCL-C151"]
[Site "www.playchess.de"]
[Date "2001.02.10"]
[Round "15"]
[White "craigsadler"]
[Black "Stefan"]
[WhiteElo "1000"]
[BlackElo "1408"]
[PlyCount "72"]
[Result "0-1"]

1.c4 Nf6 2.Nc3 e5 3.g3 Bb4 4.Bg2 O-O 5.e3 Bxc3 
6.bxc3 e4 7.Ne2 c5 8.f3 exf3 9.Bxf3 Nc6 10.d4 d6 
11.O-O Bh3 12.Bg2 Qd7 13.Nf4 Bxg2 14.Nxg2 Rad8 
15.Rxf6 gxf6 16.d5 Ne5 17.e4 Kh8 18.Qh5 Qg4 
19.Qxg4 Nxg4 20.Rb1 b6 21.h3 Ne5 22.Ne3 Rfg8 
23.Nf5 Rd7 24.Bh6 Rg6 25.Bg7+ Rxg7 26.Nxg7 Kxg7 
27.Rf1 Nxc4 28.g4 Re7 29.Re1 Nd2 30.Re2 Nxe4 
31.Kg2 Re5 32.Kf3 Nxc3 33.Rxe5 fxe5 34.Ke3 Nxd5+ 
35.Ke4 Ne7 36.a4 f6 0-1

[Event "ACL-A076"]
[Site "www.playchess.de"]
[Date "2001.02.10"]
[Round "17"]
[White "mladsir"]
[Black "dakini"]
[WhiteElo "1500"]
[BlackElo "1409"]
[PlyCount "74"]
[Result "0-1"]

1.e4 e5 2.Nf3 Nc6 3.Bc4 Bc5 4.c3 Nf6 5.d4 exd4 
6.cxd4 Bb4+ 7.Nc3 Nxe4 8.O-O Bxc3 9.d5 Nd4 10.bxc3 
Nxf3+ 11.Qxf3 Nd6 12.Re1+ Kf8 13.Bb3 b6 14.Bb2 Bb7 
15.c4 Kg8 16.Re2 Qf8 17.Rae1 Rd8 18.Ba3 h5 19.R2e5 
Rh6 20.Rxh5 Rxh5 21.Qxh5 Re8 22.Kf1 Rxe1+ 23.Kxe1 
c5 24.Bc2 Qe7+ 25.Kf1 Qf6 {Hi! Now it becomes 
really very interesting! :-))}  26.Bc1 g6 27.Qe2 
{yes! very interesting!}  Qa1 28.Qe3 {very 
interesting how will i manage to loose this one 
:-)))}  Nxc4 29.Qh6 Ba6 30.Bd3 Qd4 {now I think to 
have found an interesting combination ...}  31.Be2 
{ok! let's see!}  Ne3+ {no mate combination, but 
capturing material. First Ne3.}  32.fxe3 Qd1+ 
{Second Qd1}  33.Kf2 Qxe2+ {this was nr. 3}  
34.Kg3 Qe1+ {With nr five I´llget your bishop nr 
2. Then i have to think it all over ...}  35.Kf4 
{Congratulations, you have probably already won 
the game but i will still play for awhile if you 
don'}  d6 {no problem! Hope to play a revenge 
soon! It was very exciting here this game}  36.Ba3 
Qf2+ {perhaps mate in 7  thanks for this nice 
game}  37.Kg4 Bc8+ {mate in 2 !  Thanks for the 
game. Thomas}  0-1

[Event "HCL-C156"]
[Site "www.playchess.de"]
[Date "2001.02.10"]
[Round "2"]
[White "Stefan"]
[Black "lsoule"]
[WhiteElo "1431"]
[BlackElo "597"]
[PlyCount "99"]
[Result "1/2-1/2"]

1.e4 e5 {We meet again! The Sicilian didn't work 
last time so I'll try e5...}  2.Nf3 {Hi again.}  
Nc6 3.Bb5 a6 4.Ba4 Nf6 5.O-O Be7 6.Re1 {Im going 
to bed now. No more moves today, good night.}  b5 
7.Bb3 O-O 8.c3 d6 9.h3 {*}  Na5 10.Bc2 c5 11.d4 
Qc7 12.Nbd2 Bd7 13.Nf1 Rfe8 14.Ng3 g6 15.Bh6 cxd4 
16.cxd4 Rac8 17.Rc1 Qd8 18.dxe5 dxe5 19.Nxe5 Bb4 
20.Nxd7 Nxd7 21.Re2 Ne5 22.f4 Qxd1+ 23.Rxd1 Nec6 
24.f5 Rcd8 25.fxg6 Rxd1+ 26.Bxd1 hxg6 27.a3 Bf8 
28.Bxf8 Kxf8 29.Rc2 Ne5 30.Rc7 Rd8 31.Be2 Nac4 
32.a4 Nxb2 33.axb5 axb5 34.Bxb5 Rd1+ 35.Kh2 Nbd3 
36.Bxd3 Nxd3 37.Rd7 Nf2 38.Rxd1 Nxd1 39.Ne2 Ne3 
40.g4 Nc4 41.Kg3 g5 42.Kf3 Ne5+ 43.Ke3 f6 44.Nd4 
Ke7 45.Nf3 Nxf3 46.Kxf3 Ke6 47.Ke2 Ke5 48.Ke3 Kd6 
49.Kd4 Ke6 50.Kd3 1/2-1/2

[Event "ACL-A084"]
[Site "www.playchess.de"]
[Date "2001.02.10"]
[Round "10"]
[White "Brent"]
[Black "Hefley"]
[WhiteElo "1500"]
[BlackElo "1500"]
[PlyCount "25"]
[Result "1-0"]

1.e4 {gl 2 u}  e5 2.Nf3 Nc6 3.Bc4 Bc5 4.d3 d6 
5.Be3 Bxe3 6.fxe3 Be6 7.Bxe6 fxe6 8.Nbd2 Nf6 9.O-O 
O-O 10.c3 Ne7 11.b4 Ng6 12.Qb3 Ng4 
13.Qxe6+ 1-0

[Event "ACL-A083"]
[Site "www.playchess.de"]
[Date "2001.02.10"]
[Round "4"]
[White "iq160"]
[Black "guerino"]
[WhiteElo "1676"]
[BlackElo "1500"]
[PlyCount "35"]
[Result "1-0"]

1.e4 c5 2.Nf3 d6 3.d4 cxd4 4.Nxd4 Nf6 5.Bb5+ Nbd7 
6.Nc3 a6 7.Bc4 b5 8.Bd5 e6 9.Bxa8 Be7 10.Nc6 Qb6 
11.Be3 Qc7 12.Nxe7 Kxe7 13.Qd4 Nb6 14.Qxb6 Qxb6 
15.Bxb6 Bd7 16.e5 dxe5 17.Bf3 Rd8 18.Bxd8+ {tnx} 
 1-0

[Event "HCL-C166"]
[Site "www.playchess.de"]
[Date "2001.02.10"]
[Round "5"]
[White "Pietros"]
[Black "esad"]
[WhiteElo "1413"]
[BlackElo "1000"]
[PlyCount "26"]
[Result "0-1"]

1.e4 e5 2.Bc4 Nf6 3.Nf3 Nc6 4.Ng5 d5 5.exd5 Nxd5 
6.Qh5 g6 7.Qf3 Be6 8.Ne4 f5 9.Bxd5 Bxd5 10.Nf6+ 
Kf7 11.Nxd5 Nd4 12.Qc3 Qxd5 13.O-O 
Ne2+ 0-1

[Event "HCL-B160"]
[Site "www.playchess.de"]
[Date "2001.02.10"]
[Round "3"]
[White "pird"]
[Black "Gruhni"]
[WhiteElo "1498"]
[BlackElo "1412"]
[PlyCount "51"]
[Result "1-0"]

1.e4 e5 2.Nc3 c6 3.g3 Nf6 4.Bg2 d5 5.exd5 cxd5 
6.Nge2 Bb4 7.O-O Bxc3 8.bxc3 O-O 9.d4 e4 10.f3 Re8 
11.Bg5 Nbd7 12.fxe4 dxe4 13.Nf4 h6 14.Bxf6 Nxf6 
15.Nh5 Nxh5 16.Qxh5 Bg4 17.Qxg4 Qa5 {What a stupid 
move from me, can somebody help me to put the 
tomatoes from my eyes ;)}  18.Bxe4 Qxc3 19.Bd5 
Qe3+ 20.Kh1 Re7 21.Qf4 Qxf4 22.Rxf4 Kf8 23.c4 Rae8 
24.Raf1 f6 25.a4 R7e1 26.Bxb7 1-0

[Event "HCL-C167"]
[Site "www.playchess.de"]
[Date "2001.02.10"]
[Round "4"]
[White "smsemb"]
[Black "dg"]
[WhiteElo "1467"]
[BlackElo "1114"]
[PlyCount "55"]
[Result "1-0"]

1.Nf3 b6 2.d4 Bb7 3.c4 g6 4.Nc3 Bg7 5.e3 e6 6.Bd3 
Nf6 7.O-O d6 8.e4 c6 9.Bg5 O-O 10.e5 dxe5 11.dxe5 
Nbd7 12.exf6 Bxf6 13.Bxf6 Nxf6 14.Ne4 c5 15.Qe2 
Nh5 16.Qe3 Qe7 17.Rad1 Rfd8 18.Bc2 Bxe4 19.Bxe4 
Rac8 20.Ne5 Rxd1 21.Rxd1 f5 22.Bf3 f4 23.Qd2 g5 
24.Bxh5 h6 25.Qd7 Qxd7 26.Rxd7 a5 27.Ng4 Kf8 
28.Nf6 1-0

[Event "HCL-B166"]
[Site "www.playchess.de"]
[Date "2001.02.10"]
[Round "13"]
[White "pird"]
[Black "Fabian"]
[WhiteElo "1498"]
[BlackElo "1449"]
[PlyCount "37"]
[Result "1-0"]

1.e4 c6 2.Nf3 d5 3.Nc3 e6 4.d4 dxe4 5.Nxe4 Nd7 
6.Bc4 Ngf6 7.Nxf6+ Nxf6 8.O-O Be7 9.Bf4 O-O 10.c3 
b6 11.Qd3 c5 12.Rad1 Bb7 13.Be5 Rc8 14.Ng5 g6 
15.Qh3 Nh5 16.Nxe6 Qd7 17.dxc5 Qc6 18.Nxf8 Kxf8 
19.Bd5 1-0

[Event "HCL-C174"]
[Site "www.playchess.de"]
[Date "2001.02.10"]
[Round "21"]
[White "Stef"]
[Black "WindsorStar"]
[WhiteElo "1199"]
[BlackElo "797"]
[PlyCount "30"]
[Result "0-1"]

1.e4 e5 2.g4 g5 3.Nf3 Qf6 4.a4 Bc5 5.b3 d6 6.h4 
Bxg4 7.hxg5 Qf4 8.Bg2 Qxe4+ 9.Kf1 Nf6 10.gxf6 Qf4 
11.Rh4 h5 12.Nc3 Qxf6 13.Nb5 Kd8 14.Rxg4 hxg4 
15.Ne1 Qxf2+ 0-1

[Event "HCL-C172"]
[Site "www.playchess.de"]
[Date "2001.02.10"]
[Round "7"]
[White "dg"]
[Black "Translightor"]
[WhiteElo "1110"]
[BlackElo "1429"]
[PlyCount "86"]
[Result "0-1"]

1.e4 Nf6 {Nice to see you again, dg. This group 
seems to be a Swedish championship!}  2.e5 {hi and 
germen}  Nd5 3.c4 Nb6 4.d3 Nc6 5.Bf4 d6 6.exd6 
cxd6 7.g3 e5 8.Be3 Be7 9.Bg2 Qc7 10.Qb3 Nd7 11.Nf3 
O-O 12.Nc3 Nf6 13.O-O a6 14.Rfd1 Bg4 15.Rac1 e4 
16.Nxe4 Nxe4 17.dxe4 Ne5 18.Bb6 Nxf3+ 19.Bxf3 Qc8 
20.Bxg4 Qxg4 21.Qd3 Bg5 22.Be3 Bf6 23.Bd4 Bg5 
24.Rc3 Rfe8 25.Re1 f5 26.Rb3 b5 27.cxb5 axb5 
28.Qxb5 fxe4 29.Qd5+ Kh8 30.Rb7 Bf6 31.Bxf6 gxf6 
32.Qxd6 Qg6 33.a3 Rad8 34.Qc7 Rdc8 35.Qf7 Qh6 
36.a4 e3 37.Rxe3 Rxe3 38.fxe3 Qxe3+ 39.Kg2 Rc2+ 
40.Kh3 Qh6+ 41.Kg4 Qg5+ 42.Kh3 Qf5+ {Sorry, but 
you've muddled it. You should have deserved 
winning this game!}  43.Kh4 Rxh2+ 0-1

[Event "HCL-C180"]
[Site "www.playchess.de"]
[Date "2001.02.10"]
[Round "4"]
[White "dg"]
[Black "soymilk"]
[WhiteElo "1085"]
[BlackElo "1182"]
[PlyCount "76"]
[Result "0-1"]

1.e4 e6 2.Nf3 d5 3.e5 c5 4.d4 Qb6 5.b3 Nc6 6.Bb2 
c4 7.Be2 cxb3 8.cxb3 f6 9.O-O fxe5 10.Nxe5 Nxe5 
11.dxe5 Bd7 12.Nc3 Bc5 13.Na4 Bxa4 14.Bg4 Bb5 
15.Be2 Nh6 16.Bxb5+ Qxb5 17.Qh5+ Kd7 18.Bc1 Rhf8 
19.Bxh6 gxh6 20.Qxh6 Rf7 21.Qh3 Raf8 22.Rad1 Bxf2+ 
23.Kh1 Bd4 24.Rxf7+ Rxf7 25.g3 Qe2 26.Rc1 Bb2 
27.Rg1 Bd4 28.Rc1 Bxe5 29.Qg2 Qxg2+ 30.Kxg2 d4 
31.Rd1 Kd6 32.Rf1 Rxf1 33.Kxf1 Kd5 34.Ke2 Ke4 
35.a4 Bd6 36.Kd2 Bb4+ 37.Ke2 d3+ 38.Kd1 
Kf3 0-1

[Event "HCL-A041"]
[Site "www.playchess.de"]
[Date "2001.02.10"]
[Round "1"]
[White "Hertie"]
[Black "Luna"]
[WhiteElo "2000"]
[BlackElo "1900"]
[PlyCount "31"]
[Result "1-0"]

1.e4 d6 2.d4 Nf6 3.Nc3 g6 4.f4 Bg7 5.Nf3 O-O 6.Be2 
c5 7.dxc5 Qa5 8.O-O Qxc5+ 9.Kh1 b6 10.e5 Ng4 
11.Ne4 Qc6 12.Nd4 Qd7 13.e6 Qa4 14.Bxg4 Qxd4 
15.exf7+ Kxf7 16.Ng5+ 1-0

[Event "HCL-A041"]
[Site "www.playchess.de"]
[Date "2001.02.10"]
[Round "5"]
[White "maze"]
[Black "Luna"]
[WhiteElo "1929"]
[BlackElo "1900"]
[PlyCount "28"]
[Result "0-1"]

1.e4 e5 2.Nf3 Nc6 3.d4 exd4 4.Nxd4 Bc5 5.Be3 Qf6 
6.c3 Nge7 7.Bc4 Ne5 8.Be2 Qg6 9.Nb5 Bxe3 10.Nxc7+ 
Kd8 11.Nxa8 Qxg2 12.Rf1 Bf4 13.Qa4 N7c6 14.Nd2 
b6 0-1

[Event "HCL-A041"]
[Site "www.playchess.de"]
[Date "2001.02.10"]
[Round "7"]
[White "Nils"]
[Black "Hertie"]
[WhiteElo "2014"]
[BlackElo "2000"]
[PlyCount "22"]
[Result "0-1"]

1.e4 e5 2.Nf3 f5 3.exf5 e4 4.Ne5 Nf6 5.Be2 d5 
6.Bh5+ Ke7 7.b3 c5 8.Nf7 Qe8 9.Nc3 g6 10.fxg6 hxg6 
11.Nxh8 gxh5 0-1

[Event "HCL-A041"]
[Site "www.playchess.de"]
[Date "2001.02.10"]
[Round "8"]
[White "Luna"]
[Black "Nils"]
[WhiteElo "1900"]
[BlackElo "2014"]
[PlyCount "35"]
[Result "1-0"]

1.e4 e5 2.Bc4 Nc6 3.Nf3 Nf6 4.d3 d5 5.exd5 Nxd5 
6.Qe2 Bg4 7.Nbd2 Nf4 8.Qf1 Bb4 9.c3 Be7 10.h3 Be6 
11.Bb5 O-O 12.Nb3 a6 13.Bc4 Bxc4 14.dxc4 Nd3+ 
15.Ke2 Qd7 16.Qd1 e4 17.Nfd4 Bf6 
18.Be3 1-0

[Event "HCL-C111"]
[Site "www.playchess.de"]
[Date "2001.02.10"]
[Round "1"]
[White "Stefan"]
[Black "dakini"]
[WhiteElo "1510"]
[BlackElo "1602"]
[PlyCount "68"]
[Result "0-1"]

1.e4 e5 2.Nf3 Nc6 3.Bb5 Nf6 4.Nc3 Bb4 5.O-O Bxc3 
6.dxc3 Ne7 7.Re1 Ng6 8.b3 O-O 9.Ba3 d6 10.Qd2 a6 
11.Bd3 Nf4 12.Nxe5 dxe5 13.Bxf8 Qxf8 14.Rad1 Bd7 
15.Bf1 Qa3 16.Rda1 Rd8 17.f3 Ne6 18.Qc1 Qd6 19.Rd1 
Qc5+ 20.Kh1 Qxc3 21.Rd3 Qb4 22.c3 Qc5 23.Qb2 Nf4 
24.Rd2 Ne8 25.Rad1 Nd6 26.g3 Ng6 27.R2d5 Qe3 
28.R1d3 Qg5 29.f4 Qf6 30.c4 Bc6 31.Rxe5 Bxe4+ 
32.Rxe4 Qxb2 33.Re2 Qb1 34.Kg2 
Qxd3 0-1

[Event "HCL-C111"]
[Site "www.playchess.de"]
[Date "2001.02.10"]
[Round "2"]
[White "Danne"]
[Black "Stefan"]
[WhiteElo "1152"]
[BlackElo "1510"]
[PlyCount "40"]
[Result "1/2-1/2"]

1.e4 d6 2.Nf3 Nf6 3.Nc3 g6 4.d3 Bg7 5.g3 O-O 6.Bg2 
Nc6 7.O-O Bg4 8.Be3 Qd7 9.Qd2 Bh3 10.Nb5 Ne5 
11.Nxe5 dxe5 12.Bxh3 Qxh3 13.Nxc7 Ng4 14.f4 Rac8 
15.Nd5 Kh8 16.Nxe7 Rxc2 17.Qxc2 Nxe3 18.Qf2 exf4 
19.Nd5 Nxf1 20.Nxf4 Qxh2+ 1/2-1/2

[Event "HCL-C111"]
[Site "www.playchess.de"]
[Date "2001.02.10"]
[Round "3"]
[White "dakini"]
[Black "Danne"]
[WhiteElo "1602"]
[BlackElo "1152"]
[PlyCount "105"]
[Result "1-0"]

1.e4 e5 2.Nf3 d6 3.d4 Bg4 4.dxe5 dxe5 5.Qxd8+ Kxd8 
6.Nxe5 Be6 7.Bc4 f6 8.Bxe6 fxe5 9.Nc3 Bb4 10.Bd2 
Nc6 11.O-O-O Ke8 12.Nd5 Bd6 13.a3 Nf6 14.Rhe1 Nd4 
15.Bf4 Nxe6 16.Bd2 Kf8 17.b4 Nxd5 18.exd5 Nd4 
19.Bc3 Nf5 20.Bxe5 Re8 21.Bxd6+ Nxd6 22.Ref1 Re7 
23.Rd4 Ke8 24.c4 Re4 25.Rxe4+ Nxe4 26.Re1 Kd7 
27.Rxe4 g6 28.f4 Rf8 29.g3 h5 30.h4 b6 31.Re6 Rg8 
32.a4 Rg7 33.a5 Kc8 34.a6 Rg8 35.c5 bxc5 36.bxc5 
Kd7 37.Rf6 Ke7 38.Re6+ Kd7 39.Kc2 c6 40.Rxc6 Rg7 
41.Kd3 Rg8 42.Kd4 Rg7 43.Ke5 Re7+ 44.Kf6 Re3 
45.Kxg6 Rxg3+ 46.Kxh5 Rg8 47.Rg6 Rh8+ 48.Rh6 Rf8 
49.Rh7+ Kd8 50.Rxa7 Rf5+ 51.Kg6 Rxd5 52.h5 Ke8 
53.h6 1-0

[Event "HCL-C111"]
[Site "www.playchess.de"]
[Date "2001.02.10"]
[Round "5"]
[White "michalis"]
[Black "dakini"]
[WhiteElo "1000"]
[BlackElo "1602"]
[PlyCount "32"]
[Result "0-1"]

1.e4 e5 2.Nf3 Nc6 3.Bb5 Nf6 4.O-O Bc5 5.Nc3 O-O 
6.a3 Nd4 7.Nxd4 Bxd4 8.Nd5 Nxe4 9.d3 Nxf2 10.Qf3 
Ng4+ 11.Ne3 Qg5 12.Re1 Nxe3 13.Bxe3 e4 14.dxe4 
Bxe3+ 15.Rxe3 Qxb5 16.Rd1 Qxb2 0-1

[Event "HCL-C111"]
[Site "www.playchess.de"]
[Date "2001.02.10"]
[Round "6"]
[White "Danne"]
[Black "michalis"]
[WhiteElo "1152"]
[BlackElo "1000"]
[PlyCount "48"]
[Result "0-1"]

1.e4 c5 2.Nf3 d6 3.Nc3 Nf6 4.Bc4 e6 5.O-O a6 6.d3 
Nc6 7.Bg5 Be7 8.Qd2 Nd4 9.Nxd4 cxd4 10.Ne2 e5 
11.Ng3 O-O 12.Nf5 d5 13.Nxe7+ Qxe7 14.Bxf6 Qxf6 
15.Bxd5 Qb6 16.b3 Be6 17.Bxe6 Qxe6 18.f4 f5 
19.exf5 Qxf5 20.fxe5 Qxe5 21.Rxf8+ Rxf8 22.Re1 Qf5 
23.Qb4 Qf2+ 24.Kh1 Qf1+ 0-1

[Event "HCL-C111"]
[Site "www.playchess.de"]
[Date "2001.02.10"]
[Round "7"]
[White "Tarahumara"]
[Black "Stefan"]
[WhiteElo "1094"]
[BlackElo "1510"]
[PlyCount "74"]
[Result "0-1"]

1.e4 e5 2.Nf3 Nc6 3.c3 Nf6 4.Bc4 Nxe4 5.Qe2 Nd6 
6.Nxe5 Nxe5 7.Bb3 Qe7 8.O-O Nc6 9.Re1 Qxe2 
10.Rxe2+ Kd8 11.c4 Nd4 12.Re3 Nxb3 13.axb3 Be7 
14.Rxe7 Kxe7 15.c5 Nf5 16.Nc3 Re8 17.d3 Kf8 18.Bf4 
c6 19.b4 b6 20.cxb6 axb6 21.Rd1 Nd4 22.Ne4 Ra2 
23.Nd6 Rd8 24.g3 Ne2+ 25.Kg2 Nxf4+ 26.gxf4 Rxb2 
27.Ra1 Ke7 28.Nc4 Rxb4 29.Ne5 Rxf4 30.Ra7 Ke6 
31.Nf3 b5 32.Ra1 h6 33.Re1+ Kf6 34.Kg3 Ra4 35.Ne5 
Re8 36.Ng4+ Rxg4+ 37.Kxg4 Rxe1 0-1

[Event "HCL-C111"]
[Site "www.playchess.de"]
[Date "2001.02.10"]
[Round "8"]
[White "dakini"]
[Black "Tarahumara"]
[WhiteElo "1602"]
[BlackElo "1094"]
[PlyCount "53"]
[Result "1-0"]

1.e4 e5 2.Nf3 Nc6 3.Bb5 Nd4 4.Nxd4 exd4 5.O-O Qh4 
6.d3 Bd6 7.g3 Qf6 8.Re1 Qe5 9.Bc4 Bb4 10.Qf3 Nf6 
11.Bd2 Bxd2 12.Nxd2 b5 13.Bb3 d6 14.a4 Bg4 15.Qg2 
d5 16.exd5 Be2 17.d6 Rc8 18.Qc6+ Nd7 19.axb5 Qxd6 
20.Rxe2+ Kd8 21.Qe4 Nc5 22.Qf3 c6 23.Rxa7 cxb5 
24.Qxf7 Nxb3 25.Qxg7 Rf8 26.Qg5+ Qf6 
27.Qd5+ 1-0

[Event "HCL-C111"]
[Site "www.playchess.de"]
[Date "2001.02.10"]
[Round "9"]
[White "Tarahumara"]
[Black "Danne"]
[WhiteElo "1094"]
[BlackElo "1152"]
[PlyCount "81"]
[Result "1-0"]

1.e4 e5 2.d3 Nc6 3.g3 Bc5 4.Qh5 Qf6 5.Nf3 Nd4 
6.Kd1 Nxf3 7.Be3 Bxe3 8.fxe3 Nh6 9.Nd2 Nxd2 
10.Kxd2 d6 11.Re1 Be6 12.Qe2 d5 13.exd5 Bxd5 14.e4 
Be6 15.h3 O-O-O 16.Kc1 Qg5+ 17.Kb1 Qxg3 18.Bg2 Qh4 
19.Rhg1 g6 20.Qe3 Qf4 21.Qc5 b6 22.Qb5 Bd7 23.Qa6+ 
Kb8 24.d4 Bc6 25.Rgf1 Qd2 26.Bf3 Rxd4 27.Red1 Qa5 
28.Qe2 Rxd1+ 29.Rxd1 Qb5 30.Qe3 Ng8 31.Bg4 Nf6 
32.Be2 Qa4 33.Qf3 Nxe4 34.Qxf7 Nc5 35.Qe7 Be4 
36.b3 Qc6 37.Bg4 Na6 38.Rd8+ Kb7 39.Bc8+ Ka8 
40.Bxa6+ Rxd8 41.Qxd8+ 1-0

[Event "HCL-C111"]
[Site "www.playchess.de"]
[Date "2001.02.10"]
[Round "10"]
[White "michalis"]
[Black "Tarahumara"]
[WhiteElo "1000"]
[BlackElo "1094"]
[PlyCount "29"]
[Result "1-0"]

1.e4 e5 2.Nf3 Nc6 3.Bb5 Nd4 4.Nc3 Nxf3+ 5.Qxf3 b6 
6.d3 Bc5 7.Be3 Bb4 8.Bd2 Bxc3 9.Bxc3 f6 10.Bc4 Nh6 
11.Qh5+ Ke7 12.O-O-O d6 13.Bd5 Rb8 14.d4 Ng4 
15.Qf7+ 1-0

[Event "HCL-C111"]
[Site "www.playchess.de"]
[Date "2001.02.10"]
[Round "16"]
[White "Nutz"]
[Black "Stefan"]
[WhiteElo "1000"]
[BlackElo "1510"]
[PlyCount "36"]
[Result "0-1"]

1.e4 d6 2.f3 Nf6 3.Nc3 g6 4.Bc4 Bg7 5.d3 O-O 6.f4 
Nc6 7.Nf3 e5 8.fxe5 dxe5 9.O-O Re8 10.Nh4 Nd4 
11.Be3 Bg4 12.Ne2 Bxe2 13.Qe1 Bxf1 14.Qxf1 Nxc2 
15.Bb5 c6 16.Qc1 Nxa1 17.Bxc6 bxc6 18.Qxa1 
Qxd3 0-1

[Event "HCL-C111"]
[Site "www.playchess.de"]
[Date "2001.02.10"]
[Round "17"]
[White "dakini"]
[Black "Nutz"]
[WhiteElo "1602"]
[BlackElo "1000"]
[PlyCount "83"]
[Result "1-0"]

1.e4 e6 2.d4 Nc6 3.Nf3 Nf6 4.Bg5 h6 5.Bxf6 Qxf6 
6.Nc3 d6 7.Nb5 Qe7 8.Bc4 Na5 9.Qd3 a6 10.Nc3 d5 
11.Bb3 Bd7 12.exd5 exd5+ 13.Ne5 Nc6 14.Nxd5 Nxe5 
15.dxe5 Qxe5+ 16.Qe3 Bd6 17.Qxe5+ Bxe5 18.O-O-O 
O-O-O 19.f4 Bf6 20.Nxf6 gxf6 21.Bxf7 Bg4 22.Rd2 
Rd7 23.h3 Bf5 24.g4 Be4 25.Be6 Kb8 26.Rxd7 Bxh1 
27.Rf7 Bf3 28.Rxf6 Rd8 29.b3 h5 30.g5 Bd5 31.g6 
Bxe6 32.Rxe6 Rg8 33.f5 Ka7 34.Rf6 c5 35.Rf7 Re8 
36.g7 Re1+ 37.Kb2 Rh1 38.g8Q Rxh3 39.Qg2 Kb6 
40.Qxh3 Kb5 41.Rxb7+ Kc6 42.Qg2+ 1-0

[Event "HCL-B002"]
[Site "www.playchess.de"]
[Date "2001.02.10"]
[Round "1"]
[White "SSC"]
[Black "bird"]
[WhiteElo "1500"]
[BlackElo "1500"]
[PlyCount "49"]
[Result "1-0"]

1.e4 c5 2.Nf3 a6 3.d4 cxd4 4.Nxd4 e5 5.Nb3 Nc6 
6.Be3 Nf6 7.Nc3 Bb4 8.Bg5 d6 9.Qf3 Nd4 10.Nxd4 
exd4 11.a3 Qa5 12.Bxf6 Bxc3+ 13.bxc3 gxf6 14.Rb1 
Qxc3+ 15.Qxc3 dxc3 16.Rb3 f5 17.Bd3 fxe4 18.Bxe4 
Rg8 19.Rxc3 h6 20.Kd2 Kd8 21.Rb1 Ra7 22.Rb6 Ke7 
23.Rc7+ Ke6 24.c4 f5 25.Bd5+ 1-0

[Event "HCL-B002"]
[Site "www.playchess.de"]
[Date "2001.02.10"]
[Round "3"]
[White "bird"]
[Black "jonte2"]
[WhiteElo "1500"]
[BlackElo "1500"]
[PlyCount "40"]
[Result "0-1"]

1.Nf3 d5 2.d4 Nc6 3.c4 dxc4 4.d5 Nb4 5.Qa4+ Qd7 
6.Qxb4 Qxd5 7.Nc3 Qc6 8.Bf4 e5 9.Nxe5 Bxb4 10.Nxc6 
bxc6 11.e4 Rb8 12.Bxc4 Nf6 13.f3 Be6 14.Bxe6 fxe6 
15.Bxc7 Rb7 16.Be5 Nd7 17.Bd4 e5 18.Be3 Nb6 
19.Bxb6 axb6 20.O-O Rf7 0-1

[Event "HCL-B002"]
[Site "www.playchess.de"]
[Date "2001.02.10"]
[Round "5"]
[White "Ulf"]
[Black "bird"]
[WhiteElo "1500"]
[BlackElo "1500"]
[PlyCount "29"]
[Result "1-0"]

1.e4 c5 2.Nf3 e6 3.d4 cxd4 4.Nxd4 Nc6 5.Be3 d5 
6.exd5 exd5 7.Bb5 Bd7 8.O-O Bb4 9.a3 Ba5 10.b4 Bb6 
11.Re1 Nge7 12.c3 Nxd4 13.Bxd7+ Qxd7 14.Bxd4 Bxd4 
15.Qxd4 1-0

[Event "HCL-B002"]
[Site "www.playchess.de"]
[Date "2001.02.10"]
[Round "7"]
[White "Cole"]
[Black "SSC"]
[WhiteElo "901"]
[BlackElo "1500"]
[PlyCount "54"]
[Result "0-1"]

1.e4 c5 2.d4 cxd4 3.Qxd4 Nc6 4.Qc4 Nf6 5.Bg5 e6 
6.Bxf6 Qxf6 7.Qc3 Bb4 8.f3 Bxc3+ 9.Nxc3 O-O 
10.O-O-O a6 11.Nge2 b5 12.f4 b4 13.e5 Qf5 14.Na4 
Rb8 15.Nc5 d5 16.g3 f6 17.Nd4 Nxd4 18.Bd3 Qg4 
19.Rd2 fxe5 20.fxe5 Qg5 21.Bxa6 Bxa6 22.Nxa6 Rf2 
23.Rhd1 Ne2+ 24.Kb1 Qxd2 25.a3 Qxd1+ 26.Ka2 b3+ 
27.cxb3 Nc3+ 0-1

[Event "HCL-B002"]
[Site "www.playchess.de"]
[Date "2001.02.10"]
[Round "8"]
[White "bird"]
[Black "Cole"]
[WhiteElo "1500"]
[BlackElo "901"]
[PlyCount "32"]
[Result "0-1"]

1.d4 d5 2.Nf3 f6 3.c4 dxc4 4.Qa4+ Qd7 5.Qxc4 b5 
6.Qd3 e5 7.dxe5 Qc6 8.exf6 Nxf6 9.Bg5 h6 10.Qg6+ 
Ke7 11.Bxf6+ Qxf6 12.Qe4+ Kf7 13.Nc3 c6 14.a3 Ba6 
15.g3 Nd7 16.Bg2 Nc5 0-1

[Event "HCL-B002"]
[Site "www.playchess.de"]
[Date "2001.02.10"]
[Round "9"]
[White "Cole"]
[Black "jonte2"]
[WhiteElo "901"]
[BlackElo "1500"]
[PlyCount "46"]
[Result "0-1"]

1.e4 e5 2.d4 Bd6 3.d5 Nf6 4.Bg5 h6 5.Bxf6 Qxf6 
6.Nc3 Bb4 7.Qd3 d6 8.f3 c6 9.a3 Bxc3+ 10.Qxc3 O-O 
11.Qb3 Nd7 12.O-O-O Nc5 13.Qe3 Bd7 14.Bc4 Qg6 
15.Qf2 cxd5 16.Bxd5 Be6 17.Ne2 Bxd5 18.Rxd5 Qf6 
19.f4 g5 20.Rf1 gxf4 21.g3 Nxe4 22.Qf3 Ng5 23.Qg4 
f3 0-1

[Event "HCL-B002"]
[Site "www.playchess.de"]
[Date "2001.02.10"]
[Round "10"]
[White "Ulf"]
[Black "Cole"]
[WhiteElo "1500"]
[BlackElo "901"]
[PlyCount "41"]
[Result "1-0"]

1.e4 d5 2.exd5 Qxd5 3.Nc3 Qe5+ 4.Be2 b6 5.d4 Qa5 
6.Nf3 Bf5 7.O-O f6 8.Nb5 Kd8 9.Bd2 Qa6 10.Nd6 Qa4 
11.Nxf5 Qd7 12.Ng3 e5 13.dxe5 fxe5 14.Nxe5 Qe6 
15.Bg5+ Kc8 16.Bg4 Nd7 17.Bxe6 Ngf6 18.Nxd7 Bd6 
19.Nxf6+ Kb8 20.Nd7+ Kb7 21.Qd5+ 1-0

[Event "HCL-B002"]
[Site "www.playchess.de"]
[Date "2001.02.10"]
[Round "11"]
[White "SSC"]
[Black "KherozeN"]
[WhiteElo "1500"]
[BlackElo "1500"]
[PlyCount "49"]
[Result "1-0"]

1.e4 c5 2.Nf3 d6 3.d4 cxd4 4.Nxd4 Nf6 5.Nc3 g6 
6.Be3 Bg7 7.Bc4 O-O 8.f3 Nc6 9.Nxc6 bxc6 10.Qd2 e6 
11.O-O-O d5 12.Bb3 Qc7 13.exd5 Nxd5 14.Bd4 Bxd4 
15.Qxd4 Nxc3 16.Qxc3 Bb7 17.h4 Rfd8 18.Qf6 Qa5 
19.h5 gxh5 20.c3 Rxd1+ 21.Rxd1 Rf8 22.Bc2 Bc8 
23.g4 Qc5 24.gxh5 Qxh5 25.Rg1+ 1-0

[Event "HCL-B002"]
[Site "www.playchess.de"]
[Date "2001.02.10"]
[Round "12"]
[White "KherozeN"]
[Black "bird"]
[WhiteElo "1500"]
[BlackElo "1500"]
[PlyCount "27"]
[Result "1-0"]

1.Nf3 Nf6 2.g3 d5 3.Bg2 c5 4.O-O Nc6 5.d3 e5 6.e4 
dxe4 7.dxe4 Qxd1 8.Rxd1 Be7 9.Nc3 Bg4 10.Rd3 O-O 
11.Nd5 Bd8 12.Nxf6+ Bxf6 13.h3 Bxf3 
14.Bxf3 1-0

[Event "HCL-B002"]
[Site "www.playchess.de"]
[Date "2001.02.10"]
[Round "13"]
[White "jonte2"]
[Black "KherozeN"]
[WhiteElo "1500"]
[BlackElo "1500"]
[PlyCount "74"]
[Result "0-1"]

1.e4 c5 2.Nc3 Nc6 3.Nf3 g6 4.d4 cxd4 5.Nxd4 Bg7 
6.Nxc6 bxc6 7.Be2 d6 8.Bf3 Bb7 9.h4 Nf6 10.b4 Nxe4 
11.Bxe4 Bxc3+ 12.Bd2 Bxa1 13.Qxa1 e5 14.h5 f5 
15.Bf3 g5 16.Qc3 Rc8 17.h6 O-O 18.Qb3+ Kh8 19.Qe3 
g4 20.Qxa7 gxf3 21.Qxb7 Rc7 22.Qb6 fxg2 23.Rg1 Rg8 
24.f4 Qh4+ 25.Kd1 Rb7 26.Qxb7 Qf2 27.Rxg2 Rxg2 
28.Qb8+ Rg8 29.Qxg8+ Kxg8 30.fxe5 Qf1+ 31.Be1 f4 
32.Kd2 dxe5 33.b5 f3 34.bxc6 Qe2+ 35.Kc3 Qxe1+ 
36.Kb3 Qe4 37.c7 Qc6 0-1

[Event "HCL-B002"]
[Site "www.playchess.de"]
[Date "2001.02.10"]
[Round "15"]
[White "Cole"]
[Black "KherozeN"]
[WhiteElo "901"]
[BlackElo "1500"]
[PlyCount "28"]
[Result "0-1"]

1.e4 c5 2.d4 cxd4 3.Qxd4 Nc6 4.Qd3 Nf6 5.f4 e5 
6.g3 d5 7.Nc3 Bb4 8.Bd2 d4 9.a3 dxc3 10.bxc3 Bd6 
11.Nh3 O-O 12.c4 exf4 13.gxf4 Nxe4 14.Qxe4 
Re8 0-1